Statistiques concernant Paroles - bénéfice SCH

Cliquez ici pour prendre le quiz!

Statistiques générales

  • Ce quiz a été pris 130 fois
    (123 depuis la dernière actualisation)
  • Le résultat moyen est 263 sur 412

Statistiques - réponses

HintRéponse% Correct
à
97%
a
97%
le
97%
m'a
96%
ma
96%
sa
95%
R
94%
se
94%
de
92%
me
92%
que
92%
la
91%
les
91%
je
88%
maman
88%
du
87%
tu
87%
dit
85%
sale
85%
homme
83%
mon
83%
seul
83%
ce
82%
connais
82%
fils
82%
risques
82%
t'es
82%
un
82%
devant
81%
qui
81%
ta
79%
adolescence
78%
Premier mot du Refrain | refrainAdolescence
78%
pour
78%
bénéfice
77%
et
77%
d'en
76%
des
76%
mais
76%
premier coupletsi
76%
c'est
74%
est
74%
pas
74%
ca
73%
coeur
73%
en
72%
fait
72%
puis
72%
sans
72%
rien
71%
on
69%
sang
69%
ibliss
68%
Ibliss
68%
mal
68%
mes
68%
dans
67%
son
67%
sur
67%
aidé
65%
glisse
65%
visage
65%
mort
64%
sommeil
64%
j'ai
63%
juste
63%
homicides
62%
j'etais
62%
rage
62%
d'écouter
60%
donc
60%
foutre
60%
j'voulais
60%
reponse
60%
Dernier mot du refrain | dernier mot du refain | fin du refrainreufs
60%
sauver
60%
volé
60%
l'amour
59%
mif
58%
paradis
58%
quand
58%
serait
58%
triste
58%
habits
56%
ici
56%
neufs
56%
peu
56%
poésie
56%
tout
56%
bruit
55%
déjà
55%
deja
55%
ferais
55%
j'ecoutais
55%
quitter
55%
zone
55%
flingues
54%
mettre
54%
qu'on
54%
voulait
54%
aurait
53%
car
53%
coeurs
53%
énormes
53%
l'aime
53%
m'enfuir
53%
reveil
53%
sonnait
53%
temps
53%
verité
53%
code
51%
mains
51%
nous
51%
plus
51%
pute
51%
qu'est
51%
tachées
51%
vertu
51%
l'on
50%
rendormir
50%
vice
50%
bif
49%
brille
49%
j'pourrais
49%
mourir
49%
paie
49%
petit
49%
disais
47%
j'fais
47%
perdre
47%
plaire
47%
regrette
47%
j'veux
46%
m'entirai
46%
plein
46%
vit
46%
aujourd'hui
45%
avais
45%
fuck
45%
fut
45%
j'sais
45%
peine
45%
puisqu'on
45%
tarif
45%
drogue
44%
élève
44%
idées
44%
j'en
44%
ses
44%
vie
44%
choses
42%
deux
42%
l'enfer
42%
ou
42%
yeux
42%
ans
41%
chiffres
41%
crime
41%
l'abris
41%
l'aube
41%
payer
41%
proches
41%
depuis
40%
m'attend
40%
perds
40%
perdus
40%
nourrira
38%
perdue
38%
radis
38%
tony
38%
vas
38%
vue
38%
auxquelles
37%
gardes
37%
many
37%
prend
37%
rond
37%
10
36%
amis
36%
merité
36%
nues
36%
peines
36%
tenais
36%
veille
36%
faux
35%
mange
35%
ravir
35%
tourne
35%
avec
33%
fédérateur
33%
herité
33%
juge
33%
l'arme
33%
purgent
33%
ridés
33%
russe
33%
apres
32%
deal
32%
dehors
32%
dramas
32%
gants
32%
15
31%
central
31%
chrome
31%
grandit
31%
lamentable
31%
trouvé
31%
vont
31%
enfant
29%
trop
29%
trouver
29%
vidés
29%
coup
28%
d'etre
28%
ensemble
28%
gosses
28%
guerres
28%
invincibles
28%
l'avocat
28%
tombent
28%
ue-r
28%
30
27%
choix
27%
fausses
27%
reste
27%
forts
26%
honneur
26%
okay
26%
principe
26%
faits
24%
jusqu'a
24%
fautes
23%
hématomes
23%
Onda
22%
peurs
19%
perdras
14%

Distribution des résultats

Percentile par nombre de réponses

% des personnes avec chaque résultat

Votre développement - résultats

Vous n’avez pas pris ce quiz depuis la dernière actualisation